<?xml version="1.0" encoding="UTF-8"?>
<marc:record xmlns:marc="http://www.loc.gov/MARC21/slim">
   <marc:leader>00000nam a2200000 a 4500</marc:leader>
   <marc:datafield ind1=" " ind2=" " tag="653">
      <marc:subfield code="a">Pandabär</marc:subfield>
   </marc:datafield>
   <marc:datafield ind1=" " ind2=" " tag="653">
      <marc:subfield code="a">Zeichentrickfilm</marc:subfield>
   </marc:datafield>
   <marc:datafield ind1="0" ind2="0" tag="245">
      <marc:subfield code="a">Tao Tao - der kleine Pandabär</marc:subfield>
   </marc:datafield>
   <marc:datafield ind1="0" ind2="0" tag="245">
      <marc:subfield code="b">der Spielfilm zur Serie</marc:subfield>
   </marc:datafield>
   <marc:datafield ind1=" " ind2="1" tag="264">
      <marc:subfield code="a">München</marc:subfield>
      <marc:subfield code="b">Universum Film GmbH</marc:subfield>
      <marc:subfield code="c">2010</marc:subfield>
   </marc:datafield>
   <marc:datafield ind1="1" ind2=" " tag="520">
      <marc:subfield code="a">Gemeinsam mit seiner Mutter lebt der kleine Pandabär Tao Tao in einem abgelegenen Tal in China. Zu seinen Freunden zählen der Affe Kiki und der Hase Puu. Als seine Mutter von Jägern erschossen wird, muss sich Tao Tao allein durchschlagen. Wenig später kehren die Menschen zurück und können Tao Tao fangen. Er wird an einen Zoo verkauft und nach Europa verschifft. Dort sitzt er traurig in seinem Gehege und erinnert sich an die Zeit zuhause, als seine Mutter noch am Leben war.</marc:subfield>
   </marc:datafield>
   <marc:datafield ind1="3" ind2=" " tag="024">
      <marc:subfield code="a">886976410490</marc:subfield>
   </marc:datafield>
   <marc:datafield ind1="0" ind2=" " tag="490">
      <marc:subfield code="v">0</marc:subfield>
   </marc:datafield>
   <marc:datafield ind1=" " ind2=" " tag="300">
      <marc:subfield code="a">1 DVD (PAL, Ländercode 2, ca. 70 Min.) : farbig, mit Ton</marc:subfield>
   </marc:datafield>
</marc:record>
